It looks like you're offline.
Open Library logo
additional options menu

MARC Record from Scriblio

Record ID marc_records_scriblio_net/part13.dat:72154127:857
Source Scriblio
Download Link /show-records/marc_records_scriblio_net/part13.dat:72154127:857?format=raw

LEADER: 00857nam 2200253 a 4500
001 81194137
003 DLC
005 19811222000000.0
008 811222s1981 yu a b 00010 scr
010 $a 81194137
015 $aYu***
041 0 $ascr$beng
043 $ae-yu---
050 0 $aHB3628.5.Z3$bK74
082 0 $a307/.2/094972$219
100 10 $aKrivošić, Stjepan.
245 10 $aZagreb i njegovo stanovništvo od najstarijih vremena do sredine XIX. stoljeća /$cStjepan Krivošić.
260 0 $aZagreb :$bJugoslavenska akademija znanosti i umjetnosti,$c1981.
300 $a226 p. :$bill. ;$c24 cm.
440 0 $aGrađa za gospodarsku povijest Hrvatske,$x0434-2976 ;$vknj. 19
500 $aIn Serbo-Croatian (Roman)
500 $aSummary in English.
504 $aIncludes bibliographical references.
651 0 $aZagreb (Croatia)$xPopulation$xHistory.